| 000 | 00804cam a22002773a 4500 | ||
|---|---|---|---|
| 001 | 9298 | ||
| 003 | PGUSA | ||
| 005 | 20140828083210.0 | ||
| 008 | 051101s2005||||xxu|||||s|||||000 1 eng d | ||
| 040 |
_aPGUSA _beng |
||
| 042 | _adc | ||
| 050 | 4 | _aPR | |
| 100 | 1 |
_aSinclair, May, _d1863-1946 |
|
| 245 | 1 | 0 |
_aLife and Death of Harriett Frean _h[electronic resource] / _cMay Sinclair |
| 260 |
_bProject Gutenberg, _c2005 |
||
| 506 | _aPublic domain in the USA. | ||
| 516 | _aElectronic text | ||
| 653 | _aPsychological fiction | ||
| 653 | _aRepression (Psychology) -- Fiction | ||
| 653 | _aWomen -- England -- Fiction | ||
| 653 | _aEngland -- Fiction | ||
| 653 | _aSingle women -- Fiction | ||
| 830 | 0 |
_aProject Gutenberg _v9298 |
|
| 856 | 4 | 0 | _uhttp://www.gutenberg.org/ebooks/9298 |
| 942 | _cEB | ||
| 999 |
_c238554 _d238554 |
||